Heraldry /

محفوظ في:

المؤلف الرئيسي: Milbourne, J. S. (مؤلف)

التنسيق: كتاب

اللغة: English

منشور في: [London] : W. & G. Foyle, [1950].

سلاسل: Foyles handbooks.

الموضوعات:

الوسوم: إضافة وسم

لا توجد وسوم, كن أول من يضع وسما على هذه التسجيلة!

رقم الطلب: CR23 .M55 1950

LEADER 00576nam a2200217I 4500
001 3337
003 OSt
005 20251113083809.0
008 130303s1950 enkai 000 0 eng d
010 |a 50056706 
040 |c ARCE Library 
050 4 |a CR23 .M55 1950 
100 1 |a Milbourne, J. S.,  |e author  |9 35981 
245 1 0 |a Heraldry /  |c J. S. Milbourne. 
264 1 |a [London] :  |b W. & G. Foyle,  |c [1950]. 
300 |a 178 pages :  |b illustrations, coats of arms ;  |c 19 cm. 
490 0 |a Foyles handbooks. 
650 0 |a Heraldry. 
901 |a reviewed 
942 |c BK  |2 lcc 
999 |c 6446  |d 6446